[Event "AUTO-OPEN-684"]
[Site "http://www.queenalice.com/game.php?id=219949"]
[Date "2007.6.2"]
[Round "1"]
[White "Boska"]
[Black "cristiana"]
[Result "1-0"]
[WhiteElo "1095"]
[BlackElo "1305"]

1. d4 d5 2. c3 b5 3. Qb3 c6 4. e3 g6 5. Nf3 Bh6 6. a4 Nd7 7. axb5 Rb8 8. Rxa7
Ndf6 9. Ne5 e6 10. Nxc6 Nd7 11. Nxd8 Bg5 12. Nc6 Rb6 13. Ra8 Ne7 14. Nxe7 Kxe7
15. Qb4+ Kd8 16. Nd2 Nb8 17. Qa5 Nd7 18. c4 Nf6 19. Qxb6+ Ke8 20. Rxc8+ 1-0

[Event "AUTO-OPEN-684"]
[Site "http://www.queenalice.com/game.php?id=219950"]
[Date "2007.6.2"]
[Round "1"]
[White "cristiana"]
[Black "Boska"]
[Result "1-0"]
[WhiteElo "1327"]
[BlackElo "1181"]

1. d4 c6 2. Nd2 Qa5 3. a4 e6 4. e4 d5 5. Be2 dxe4 6. c4 Qg5 7. g3 g6 8. b3 b5 9.
Nxe4 Qf5 10. Nc3 bxc4 11. bxc4 Bb4 12. Bd2 Nf6 13. Bf3 Ba6 14. Nge2 Qxf3 15. Rg1
Ng4 16. Rf1 Qg2 17. Nf4 Qxh2 18. Qxg4 Bc8 19. d5 cxd5 20. cxd5 f5 21. Qg5 exd5
22. Ncxd5 Bxd2+ 23. Kxd2 Nd7 24. Rfe1+ Kf8 25. Qe7+ Kg8 26. Qd8+ Nf8 27. Nf6+
Kg7 28. Qe7+ Kh6 29. Qe8 Qxf2+ 30. Re2 Qxg3 31. Rh1+ Kg5 32. Qe5 Ba6 33. Ne4+
Kg4 34. Nxg3 Nd7 35. Qe3 Bxe2 36. Nfxe2 Rhe8 37. Qf4# 1-0

[Event "AUTO-OPEN-684"]
[Site "http://www.queenalice.com/game.php?id=219953"]
[Date "2007.6.2"]
[Round "1"]
[White "Boska"]
[Black "azad_m"]
[Result "0-1"]
[WhiteElo "1164"]
[BlackElo "1961"]

1. Na3 e5 2. Nb5 Bc5 3. e3 c6 4. Nc3 Nf6 5. Nf3 d6 6. d4 exd4 7. exd4 Qe7+ 8.
Be2 Bb6 9. Nb5 O-O 10. Na3 Bf5 11. h3 Na6 12. O-O Rfe8 13. Re1 Ne4 14. g4 Bg6
15. Bxa6 bxa6 16. Qd3 d5 17. Qxa6 Qf6 18. Qd3 Nxf2 19. Qc3 Rxe1+ 20. Qxe1 Qxf3
21. Kf1 Nd3+ 22. Kg1 Nxe1 0-1

[Event "AUTO-OPEN-684"]
[Site "http://www.queenalice.com/game.php?id=219954"]
[Date "2007.6.2"]
[Round "1"]
[White "azad_m"]
[Black "Boska"]
[Result "0-1"]
[WhiteElo "1975"]
[BlackElo "1271"]

1. e4 e6 2. Nc3 Qf6 3. Nf3 Nc6 4. Bc4 Bc5 5. O-O Nh6 6. d3 O-O 7. Bg5 Qg6 8. Qd2
d5 9. exd5 Re8 10. Rfe1 Ng4 11. Re2 h6 12. Bh4 Bd6 13. g3 a6 14. a4 Nb4 15. h3
Ne5 16. Nxe5 Bxe5 17. Rxe5 c6 18. Qe2 cxd5 19. Bb3 Bd7 20. Nd1 Rac8 21. Qd2 a5
22. Nc3 f6 23. Ree1 d4 24. Ne4 Rc6 25. Qf4 Rf8 26. Nd6 b6 27. Qxd4 Kh8 28. Bxe6
Bxe6 29. Rxe6 Nxc2 30. Qd5 Rc5 31. Qa2 Qxd3 32. Rf1 Rf5 33. Re8 Qxd6 34. Rxf8+
Qxf8 35. Qb1 Qc8 36. Rc1 Rc5 37. g4 Nd4 38. Rxc5 Qxc5 39. Qe1 Nf3+ 0-1

[Event "Challenge"]
[Site "http://www.queenalice.com/game.php?id=249211"]
[Date "2007.8.1"]
[Round "-"]
[White "fernandosoares"]
[Black "Boska"]
[Result "0-1"]
[WhiteElo "1260"]
[BlackElo "1177"]

1. e4 g6 2. Nf3 Nf6 3. Bd3 d5 4. Nc3 Bh6 5. O-O O-O 6. b4 c6 7. a3 dxe4 8. Nxe4
Nxe4 9. Bxe4 Bg7 10. d3 Bxa1 11. Qd2 Bg7 12. c3 f5 13. b5 fxe4 14. dxe4 Qxd2 15.
Bxd2 cxb5 16. Nd4 Bxd4 17. cxd4 e6 18. d5 exd5 19. exd5 Rd8 20. Ba5 Rxd5 21. h4
b6 22. Bc3 Rd3 23. a4 bxa4 24. Bb2 a3 25. Ba1 Nc6 26. g3 Nb4 27. g4 Bxg4 28. h5
Bxh5 29. Re1 Nc2 30. Rf1 Rd1 31. Rxd1 Bxd1 32. Bc3 a2 33. f4 a1=Q 34. Bxa1 Nxa1
35. Kf1 Re8 36. f5 gxf5 37. Kf2 b5 38. Kg3 b4 39. Kf2 b3 40. Kg3 b2 41. Kf4 b1=Q
42. Kg5 Kg7 43. Kf4 Kg6 44. Kg3 h5 45. Kh3 Kg5 46. Kg3 Qd3+ 47. Kf2 f4 48. Kg2
Kg4 49. Kf2 Qd2+ 50. Kg1 Re1# 0-1

[Event "Challenge"]
[Site "http://www.queenalice.com/game.php?id=250821"]
[Date "2007.8.4"]
[Round "-"]
[White "robertolanger"]
[Black "Boska"]
[Result "1-0"]
[WhiteElo "1300"]
[BlackElo "1164"]

1. e4 e6 2. e5 Qg5 3. d4 Qf5 4. Bd3 Qxd3 5. Qxd3 c6 6. Nf3 h6 7. Be3 g5 8. Nc3
Na6 9. Na4 Nb4 10. Qb3 Nd5 11. O-O-O Nge7 12. g4 b5 13. Nc5 f5 14. gxf5 exf5 15.
h4 f4 16. Bd2 g4 17. Nh2 Nf5 18. Nxg4 Bxc5 19. dxc5 Nd4 20. Qa3 a5 21. Bxa5 Ne2+
22. Kb1 h5 23. Nf6+ Nxf6 24. exf6 Rf8 25. Rhe1 Rxf6 26. Rxe2+ Kf8 27. Qc3 Rh6
28. Re4 d5 29. Rxf4+ Kg8 30. Rg1+ Bg4 31. Rgxg4+ hxg4 32. Rxg4+ Kf8 33. Qe3 Rf6
34. Bc7 Re8 35. Bd6+ Rxd6 36. Qxe8+ Kxe8 37. cxd6 Kd7 38. h5 1-0

[Event "Challenge"]
[Site "http://www.queenalice.com/game.php?id=252132"]
[Date "2007.8.7"]
[Round "-"]
[White "Hugo62"]
[Black "Boska"]
[Result "0-1"]
[WhiteElo "1248"]
[BlackElo "1149"]

1. Nc3 d5 2. d4 c6 3. Nf3 Nf6 4. a3 e6 5. h3 Bd6 6. Qd3 Na6 7. h4 Ng4 8. Bg5 f6
9. Bd2 e5 10. dxe5 Bxe5 11. a4 Bxc3 12. Bxc3 O-O 13. Nd4 Ne5 14. Qe3 Qe7 15. Nf5
Qe6 16. Ng3 c5 17. Rd1 d4 18. Qe4 dxc3 19. bxc3 Nc7 20. e3 f5 21. Nxf5 Rxf5 22.
Bb5 Rf8 23. Kf1 Qf6 24. h5 Qxf2# 0-1

[Event "Challenge"]
[Site "http://www.queenalice.com/game.php?id=256285"]
[Date "2007.8.16"]
[Round "-"]
[White "Boska"]
[Black "Hugo62"]
[Result "1-0"]
[WhiteElo "1202"]
[BlackElo "1269"]

1. Na3 Nc6 2. b3 d6 3. Bb2 b6 4. Nf3 f6 5. e3 h6 6. d4 d5 7. Qd2 Bf5 8. Bb5 Qd7
9. Bxc6 Qxc6 10. Rc1 h5 11. Nh4 Nh6 12. O-O b5 13. b4 Ng4 14. Nxf5 e6 15. Ng3 h4
16. Ne2 a6 17. Nf4 O-O-O 18. Ng6 Rh5 19. f3 Nh6 20. Nf4 Rg5 21. h3 Nf5 22. Rfe1
Qd6 23. e4 dxe4 24. fxe4 Ng3 25. c4 Be7 26. c5 Qc6 27. d5 Qa8 28. Nxe6 Rh8 29.
Qf4 Qa7 30. Nxg5 fxg5 31. Qf7 Bf8 32. Qe8+ Kb7 33. Bd4 a5 34. c6+ Ka6 35. Bxa7
Kxa7 36. Nxb5+ Kb6 37. Qb8+ Ka6 38. Nxc7# 1-0

[Event "Challenge"]
[Site "http://www.queenalice.com/game.php?id=266775"]
[Date "2007.9.4"]
[Round "-"]
[White "Boska"]
[Black "cope"]
[Result "0-1"]
[WhiteElo "1271"]
[BlackElo "1721"]

1. Nf3 d5 2. d4 Bf5 3. e3 a6 4. Nc3 Nc6 5. h3 Nb4 6. a3 Nxc2+ 7. Kd2 Nxa1 8. Bd3
Bxd3 9. Kxd3 Qd7 10. Bd2 Qf5+ 11. Ke2 Nf6 12. Qxa1 e6 13. Qd1 Bd6 14. g4 Qg6 15.
Qa4+ b5 16. Qd1 O-O 17. Rg1 Ne4 18. Nxe4 Qxe4 19. Bc1 c5 20. Kf1 Rac8 21. Rg3
cxd4 22. Nd2 Qh1+ 23. Ke2 Rxc1 24. Qxh1 Rxh1 25. Rg2 dxe3 26. Kxe3 Re1+ 27. Kf3
Rc8 28. b4 Rc3# 0-1

[Event "Challenge"]
[Site "http://www.queenalice.com/game.php?id=266776"]
[Date "2007.9.4"]
[Round "-"]
[White "Boska"]
[Black "anderson"]
[Result "0-1"]
[WhiteElo "1269"]
[BlackElo "1812"]

1. c3 e5 2. d4 exd4 3. Qxd4 Nc6 4. Qe4+ Be7 5. Nd2 Nf6 6. Qf3 d5 7. Qg3 O-O 8.
Nb3 Bf5 9. Bh6 Nh5 10. Qe3 Re8 11. Bf4 Nxf4 12. Qxf4 Bg6 13. Rd1 Bc2 14. Rd2
Bxb3 15. axb3 Bg5 16. Qg4 Bxd2+ 17. Kxd2 Ne5 18. Qf4 c6 19. Kc2 Qb6 20. e3 a5
21. Ne2 c5 22. c4 dxc4 23. bxc4 a4 24. Nc1 Nc6 25. Bd3 Nb4+ 26. Kc3 Nxd3 27.
Nxd3 Qa5+ 28. Kc2 a3 29. b3 a2 30. Ra1 Rac8 31. e4 b6 32. g4 Qa7 33. Qd6 Rxe4
34. h3 Rce8 35. Nc1 Qa5 36. Nxa2 Rd4 37. Qg3 Qd2+ 38. Kb1 Re1+ 39. Nc1 Rxc1# 0-1

[Event "Challenge"]
[Site "http://www.queenalice.com/game.php?id=266777"]
[Date "2007.9.4"]
[Round "-"]
[White "Boska"]
[Black "Jamtony"]
[Result "0-1"]
[WhiteElo "1271"]
[BlackElo "1697"]

1. c3 e5 2. e3 d5 3. d4 Nc6 4. dxe5 Nxe5 5. Qd4 f6 6. g3 c5 7. Qd2 Be6 8. Bb5+
Nc6 9. Bxc6+ bxc6 10. b4 cxb4 11. cxb4 c5 12. Ba3 d4 13. bxc5 Bd5 14. f3 Qc7 15.
exd4 Ne7 16. Qd3 Nc6 17. Qe3+ Be7 18. Nc3 Qa5 19. Qc1 Nxd4 20. Kd1 Nxf3 21. Nxf3
Bxf3+ 22. Kd2 Rd8+ 23. Kc2 Bxc5 24. Re1+ Kf7 25. Bxc5 Qxc5 26. Rb1 Qf5+ 27. Kb2
Rb8+ 28. Ka1 a5 29. Qa3 Rhe8 30. Rxe8 Rxe8 31. Qd6 Qc8 32. Qd3 Qc6 33. Rf1 Be4
34. Qd2 Qc4 35. Rc1 Qb4 36. Qd7+ Kf8 37. h4 Qa3 38. Qd2 h5 39. Nb5 Qxg3 40. Nd6
Qe5+ 41. Rc3 Rd8 42. a3 Rxd6 43. Qe1 Rd3 44. Kb2 Rxc3 45. Qxc3 Qh2+ 46. Kb3 Bd5+
47. Ka4 Qxh4+ 48. Kxa5 f5 49. Qc5+ Kf7 50. Qxd5+ Kg6 51. a4 Qe1+ 52. Kb5 h4 0-1

[Event "AUTO-OPEN-859"]
[Site "http://www.queenalice.com/game.php?id=283651"]
[Date "2007.10.9"]
[Round "1"]
[White "Boska"]
[Black "Juventus"]
[Result "1-0"]
[WhiteElo "1327"]
[BlackElo "1611"]

1. b3 Nf6 2. Bb2 Nc6 3. Bxf6 exf6 4. a4 Bc5 5. e3 O-O 6. Nf3 d6 7. c3 Ne5 8. d4
Nxf3+ 9. Qxf3 Bb6 10. b4 c5 11. a5 Bc7 12. bxc5 dxc5 13. Be2 cxd4 14. cxd4 Bxa5+
15. Kf1 Qc7 16. Na3 Rd8 17. Bc4 Be6 18. Rc1 Bd2 19. Rc2 Rac8 20. Rxd2 Bxc4+ 21.
Nxc4 Qxc4+ 22. Qe2 a5 23. Qxc4 Rxc4 24. Ke2 a4 25. Rb1 Rb8 26. Kd3 Rcc8 27. d5
Rd8 28. Kd4 b5 29. Rc2 Rd6 30. Kc5 Rdb6 31. Kd4 Kf8 32. f4 Ke7 33. e4 g6 34. e5
fxe5+ 35. fxe5 f6 36. Rc7+ Kf8 37. d6 fxe5+ 38. Kxe5 Re8+ 39. Kd5 Rd8 40. d7 Ke7
41. Re1+ Kf7 42. Kc5 Rbb8 43. Kd6 b4 44. Ra7 1-0

[Event "AUTO-OPEN-859"]
[Site "http://www.queenalice.com/game.php?id=283652"]
[Date "2007.10.9"]
[Round "1"]
[White "Juventus"]
[Black "Boska"]
[Result "0-1"]
[WhiteElo "1641"]
[BlackElo "1297"]

1. g3 b6 2. Nf3 Bb7 3. Bh3 Bxf3 4. exf3 g6 5. O-O Bh6 6. Qe2 Nf6 7. Nc3 e6 8. f4
Nc6 9. b3 Nd4 10. Qe3 Nxc2 11. Qd3 Nxa1 12. Qb1 Nxb3 13. Qxb3 O-O 14. Ba3 c5 15.
Bg2 Rb8 16. Re1 a5 17. Nb5 d6 18. Re3 Re8 19. Rd3 d5 20. Qc2 Qd7 21. Qb1 e5 22.
fxe5 Rxe5 23. f4 Re2 24. Nc3 Ree8 25. Bxd5 Qf5 26. Bc6 Red8 27. Bb5 Rbc8 28. Qf1
Bf8 29. Rxd8 Rxd8 30. Bc1 h5 31. h4 Qg4 32. Ne2 Ne4 33. d3 Nxg3 34. Nxg3 Qxg3+
35. Kh1 Qxh4+ 36. Kg2 Qg4+ 37. Kh1 Rd4 38. a4 Bd6 39. Bb2 Rxf4 40. Qg1 Qh4+ 41.
Kg2 Rg4+ 0-1

[Event "Challenge"]
[Site "http://www.queenalice.com/game.php?id=299298"]
[Date "2007.11.6"]
[Round "-"]
[White "Boska"]
[Black "BBurla"]
[Result "0-1"]
[WhiteElo "1297"]
[BlackElo "1525"]

1. b3 e6 2. Bb2 d5 3. d4 c5 4. Qd2 Nc6 5. a3 c4 6. bxc4 dxc4 7. e3 b5 8. c3 e5
9. d5 Na5 10. Qd1 Bb7 11. e4 Bc5 12. a4 Qf6 13. Nh3 Nh6 14. f3 Bc8 15. g4 Qh4+
16. Ke2 Nb3 17. Ra2 Nxg4 18. fxg4 Bxg4# 0-1